000 00563nam a2200169Ia 4500
008 100122s9999 xx 000 0 und d
082 _b47167
_a824
100 _aसाने रविकिरण
245 _aस्वराली
260 _bमंजुल प्रकाशन
_c1992
300 _a114
520 _aपुस्तक बाजुला ठेवले आहे
620 _aपुस्तक बाजुला ठेवले आहे
630 _aस्वराली
730 _aस्वराली
942 _cBOOK
999 _c426087
_d426084